| 000 | 00378 a2200145 4500 | ||
|---|---|---|---|
| 999 |
_c12625 _d12625 |
||
| 003 | OSt | ||
| 005 | 20240429200013.0 | ||
| 008 | 240429b ||||| |||| 00| 0 eng d | ||
| 020 | _a9781032085685 | ||
| 082 | _a720.285 | ||
| 100 | _aTheodora Vardouli, Olga Touloumi | ||
| 245 | _aComputer architectures constructing the common ground | ||
| 260 |
_bRoutledge _c2020 |
||
| 942 | _2ddc | ||